书目信息 |
| 题名: |
世界文化产业地图
|
|
| 作者: | 李季 主编 | |
| 分册: | ||
| 出版信息: | 北京 中国建筑工业出版社 2014.06 |
|
| 页数: | 10, 313页 | |
| 开本: | 23cm | |
| 丛书名: | ||
| 单 册: | ||
| 中图分类: | G114 | |
| 科图分类: | ||
| 主题词: | 文化产业--wen hua chan ye--研究--世界 | |
| 电子资源: | ||
| ISBN: | 978-7-112-16761-6 | |
| 000 | 00913nam0 2200229 450 | |
| 001 | CAL 0120141358387 | |
| 005 | 20191106083455.07 | |
| 010 | @a978-7-112-16761-6@dCNY58.00 | |
| 100 | @a20150624d2014 em y0chiy50 ea | |
| 101 | 0 | @achi |
| 102 | @aCN@b110000 | |
| 105 | @aab a 000yy | |
| 200 | 1 | @a世界文化产业地图@Ashi jie wen hua chan ye di tu@f李季主编 |
| 210 | @a北京@c中国建筑工业出版社@d2014.06 | |
| 215 | @a10, 313页@c图, 地图@d23cm | |
| 320 | @a有书目 (第313页) | |
| 330 | @a本书主要内容包括世界文化产业及其特征, 美洲、欧洲、亚洲、澳洲、非洲的文化产业发展状况及其布局, 世界文化产业贸易情况, 共介绍了美国、加拿大、墨西哥、巴西、英国、法国、德国、瑞士、日本、中国、韩国、印度、澳大利亚、新西兰、南非、埃及等16个国家的文化产业发展情况。 | |
| 606 | 0 | @a文化产业@Awen hua chan ye@x研究@y世界 |
| 690 | @aG114@v5 | |
| 701 | 0 | @a李季@Ali ji@4主编 |
| 801 | 0 | @aCN@c20150624 |
| 905 | @a241430@dG114@eL183@f3 | |
| 世界文化产业地图/李季主编.-北京:中国建筑工业出版社,2014.06 |
| 10, 313页:图, 地图;23cm |
| ISBN 978-7-112-16761-6:CNY58.00 |
| 本书主要内容包括世界文化产业及其特征, 美洲、欧洲、亚洲、澳洲、非洲的文化产业发展状况及其布局, 世界文化产业贸易情况, 共介绍了美国、加拿大、墨西哥、巴西、英国、法国、德国、瑞士、日本、中国、韩国、印度、澳大利亚、新西兰、南非、埃及等16个国家的文化产业发展情况。 |
| ● |
| 相关链接 |
|
|
|
正题名:世界文化产业地图
索取号:G114/L183
 
预约/预借
| 序号 | 登录号 | 条形码 | 馆藏地/架位号 | 状态 | 备注 |
| 1 | 1139751 | 211397512 | 社科库409/409社科库 55排7列5层/ [索取号:G114/L183] | 在馆 | |
| 2 | 1139752 | 211397521 | 社科库409/409社科库 55排7列5层/ [索取号:G114/L183] | 在馆 | |
| 3 | 1139753 | 211397530 | 社科库409/409社科库 55排7列5层/ [索取号:G114/L183] | 在馆 | |
| 4 | 1232619 | 212326197 | 社科二线422/422社科库 31排1列1层/ [索取号:G114/L183] | 在馆 | |
| 5 | 1232620 | 212326204 | 社科库409/409社科库 55排7列5层/ [索取号:G114/L183] | 在馆 | |
| 6 | 1232621 | 212326213 | 社科二线422/422社科库 31排1列1层/ [索取号:G114/L183] | 在馆 |